| 000 | 01205nam a22002535a 4500 | ||
|---|---|---|---|
| 999 |
_c14338 _d14338 |
||
| 003 | OSt | ||
| 005 | 20260215131107.0 | ||
| 008 | 010604s1999 enkab 100 0 eng d | ||
| 020 | _a9780727727862 | ||
| 042 | _alccopycat | ||
| 245 | 0 | 0 |
_aUrban ground engineering : _bproceedings of the international conference organized by the Institution of Civil Engineers and held in Hong Kong, China, on 11-12 November 1998 / _cedited by B. Clarke. |
| 260 |
_aLondon : _bThomas Telford, _cc1999. |
||
| 300 |
_a353 p. : _bill., maps ; _c25 cm. |
||
| 504 | _aIncludes bibliographical references. | ||
| 505 | 2 | _aPt. 1. Tunnelling. Tunnelling in difficult ground conditions ; Tunnelling in urban areas ; Shotcrete applications -- Pt. 2. Geotechnics. Slopework and site formation ; Deep excavations, foundations and reclamation ; Soft ground and other geotechnical hazards. | |
| 650 | 4 |
_aTunnels _vCongresses. |
|
| 650 | 4 |
_aEngineering geology _vCongresses. |
|
| 650 | 0 |
_aTunneling _vCongresses. |
|
| 650 | 0 |
_aEngineering geology _vCongresses. |
|
| 655 | 7 |
_aConference papers and proceedings. _2lcgft |
|
| 700 | 1 |
_aClarke, B. G. _q(Barry Goldsmith), _d1950- |
|
| 710 | 2 | _aInstitution of Civil Engineers. | |
| 942 | _2ddc | ||